000
00280nam a2200145Ia 4500
100
_a
Jagannathan
650
_a
ELECTRONICS
942
_c
BK
366
_f
25
245
_a
Power Electronics
260
_b
PHI
_c
2011
082
_a
621.317/JAG
546
_a
ENGLISH
999
_c
25012
_d
25012